Античная полевая археология / (ბიბ.ჩანაწერი № 61033)
[ მარტივი ფორმატი ]
| 000 -LEADER | |
|---|---|
| fixed length control field | 00766nam a22001697a 4500 |
| 005 - DATE AND TIME OF LATEST TRANSACTION | |
| control field | 20231211094555.0 |
| 008 - FIXED-LENGTH DATA ELEMENTS--GENERAL INFORMATION | |
| fixed length control field | 231211s1967 ru ||||| |||| 00| 0 rus d |
| 041 ## - LANGUAGE CODE | |
| Language code of text/sound track or separate title | rus |
| 080 ## - UNIVERSAL DECIMAL CLASSIFICATION NUMBER | |
| Universal Decimal Classification number | 902.2 Б-68 |
| 100 ## - MAIN ENTRY--PERSONAL NAME | |
| Personal name | Блаватский, В. |
| 9 (RLIN) | 20092 |
| 245 ## - TITLE STATEMENT | |
| Title | Античная полевая археология / |
| Statement of responsibility, etc. | В.Д. Блаватский; Ответственный редактор М.М. Кобылина; Академия Наук СССР, Институт археологии. |
| 264 ## - PRODUCTION, PUBLICATION, DISTRIBUTION, MANUFACTURE, AND COPYRIGHT NOTICE | |
| Place of production, publication, distribution, manufacture | Москва : |
| Name of producer, publisher, distributor, manufacturer | Наука, |
| Date of production, publication, distribution, manufacture, or copyright notice | 1967. |
| 300 ## - PHYSICAL DESCRIPTION | |
| Extent | 208 с. : |
| Other physical details | рис.; |
| Dimensions | 20 см. |
| 653 ## - INDEX TERM--UNCONTROLLED | |
| keyword | ანტიკური არქეოლოგია |
| 700 ## - ADDED ENTRY--PERSONAL NAME | |
| Personal name | Кобылина, М.М. |
| Relator term | რედაქტორი |
| 9 (RLIN) | 20643 |
| 942 ## - ADDED ENTRY ELEMENTS (KOHA) | |
| Source of classification or shelving scheme | |
| Koha item type | წიგნი |
არაა ხელმისაწვდომი ეგზემპლარები.
